Environmental and social studies : (Record no. 145958)

MARC details
000 -LEADER
fixed length control field 01092nam a2200277 a 4500
008 - FIXED-LENGTH DATA ELEMENTS--GENERAL INFORMATION
fixed length control field
049 0# - LOCAL HOLDINGS (OCLC)
Holding library MAIN
090 ## - LOCALLY ASSIGNED LC-TYPE CALL NUMBER (OCLC); LOCAL CALL NUMBER (RLIN)
Classification number (OCLC) (R) ; Classification number, CALL (RLIN) (NR) GE70
Local cutter number (OCLC) ; Book number/undivided call number, CALL (RLIN) HEE
003 - CONTROL NUMBER IDENTIFIER
control field
005 - DATE AND TIME OF LATEST TRANSACTION
control field 20230123133302.0
040 ## - CATALOGING SOURCE
Transcribing agency NUST
245 00 - TITLE STATEMENT
Title Environmental and social studies :
Remainder of title a textbook for senior secondary schools /
Statement of responsibility, etc. general editors: John Conradie & Patrick van Rensburg.
260 ## - PUBLICATION, DISTRIBUTION, ETC.
Place of publication, distribution, etc. Gaborone, Botswana :
Name of publisher, distributor, etc. Foundation for Education with Production,
Date of publication, distribution, etc. 1997-
300 ## - PHYSICAL DESCRIPTION
Extent 96 p. :
Other physical details ill., maps ;
Dimensions 30 cm.
505 1# - FORMATTED CONTENTS NOTE
Formatted contents note Bk. 3. Towards sustainable and socially equitable development / Sue Heese and Ted Michie.
650 #0 - SUBJECT ADDED ENTRY--TOPICAL TERM
Topical term or geographic name entry element Human ecology
General subdivision Study and teaching (Secondary)
650 #0 - SUBJECT ADDED ENTRY--TOPICAL TERM
Topical term or geographic name entry element Environmental protection
General subdivision Study and teaching (Secondary)
650 #0 - SUBJECT ADDED ENTRY--TOPICAL TERM
Topical term or geographic name entry element Social sciences
General subdivision Study and teaching (Secondary)
700 1# - ADDED ENTRY--PERSONAL NAME
Personal name Conradie, John.
700 1# - ADDED ENTRY--PERSONAL NAME
Personal name Van Rensburg, Patrick.
700 1# - ADDED ENTRY--PERSONAL NAME
Personal name Heese, Sue.
700 1# - ADDED ENTRY--PERSONAL NAME
Personal name Michie, Ted.
740 0# - ADDED ENTRY--UNCONTROLLED RELATED/ANALYTICAL TITLE
Uncontrolled related/analytical title Towards sustainable and socially equitable development.
907 ## - LOCAL DATA ELEMENT G, LDG (RLIN)
a .b10078241
b 24-09-15
c 19-06-03
942 ## - ADDED ENTRY ELEMENTS (KOHA)
Koha item type Ordinary Loan Books
Call number prefix GE70
Call number suffix HEE
Holdings
Date last seen Total Checkouts Full call number Barcode Cost, replacement price Price effective from Koha item type Lost status Source of classification or shelving scheme Damaged status Not for loan Collection Withdrawn status Home library Current library Shelving location Date acquired Cost, normal purchase price
01/23/2023 17 GE70 ENV 92003001062 80.00 01/23/2023 BOOKS   LCC     NFIC   MAIN MAIN GEN 01/23/2023 80.00